| 000 | 00527nam a2200181Ia 4500 | ||
|---|---|---|---|
| 999 |
_c22434 _d22434 |
||
| 003 | OSt | ||
| 005 | 20200210125743.0 | ||
| 008 | 190216s9999||||xx |||||||||||||| ||und|| | ||
| 020 | _a817204397X | ||
| 040 | _coclc | ||
| 082 |
_a297 _bGHA/P |
||
| 100 | 1 |
_aGhazālī, Muḥammad, _91914 _d1917-1996 |
|
| 245 | 0 |
_aPrabodhakante Manovyathakal / _cMuhammedul Gazali |
|
| 260 |
_bIslamic Publishing House, _c1998. |
||
| 300 | _a142p | ||
| 650 | _aIslamic History | ||
| 942 |
_cBK _2ddc _h297 _iGHA/P _k297 _mGHA/P |
||